000
00305nam a2200133Ia 4500
008
240624s9999 xx 000 0 und d
041
_a
eng
082
_a
823 FOR
100
_a
FORSYTH FREDERICK
245
_a
COBRA
260
_c
2010
_a
London
_b
Corgi Books
300
_a
396 : p. : cm. ; 18
365
_c
RS
999
_c
21164
_d
21164